| 000 | 00633nam a2200217 a 4500 | ||
|---|---|---|---|
| 001 | 2327 | ||
| 003 | CDMR | ||
| 005 | 20131205131937.0 | ||
| 008 | 130130s1977||||||||||||||||||||||||||||d | ||
| 020 | _a8433903543 | ||
| 040 |
_aCDMR _bcat _cCDMR |
||
| 100 | 1 |
_aSearle, John _91744 |
|
| 245 | 1 | 3 |
_aLa revolución de Chomsky en lingüística _cJohn Searle ; [traducción del inglés de Carlos Manzano] |
| 250 | _a3a. ed | ||
| 260 |
_aMadrid _c1977 _bAnagrama |
||
| 300 | _a71 p. | ||
| 490 | 0 |
_aCuadernos Anagrama. _aSerie Lingüística _v54 |
|
| 600 | 1 |
_91756 _aChomsky, Noam |
|
| 650 | 0 | 4 |
_94377 _aLlenguatge i llengües |
| 942 |
_cMON _2udc |
||
| 999 |
_c2327 _d2327 |
||